LDR 00619naa#a2200145#i#450# 001 RU\INFRA-M\bibl\108747 005 20260516021227.6 011 ## _a1998-0701 100 ## _a20251030b2025####ek#y0rusy0150####ca 102 ## _aRU 200 1# _aФедеральный налоговый календарь на ноябрь 2025 года _eЖурнальная статья 210 1# _aМосква _cОбщество с ограниченной ответственностью «Научно-издательский центр ИНФРА-М» _d2025 215 ## _a1 с. 608 ## _aЖурнальная статья _2local 856 4# _anaukaru.ru _u